[Event "2014 Geoff Newton Memorial Sectional B"]
[Site "Edmonton"]
[Date "2014.10.26"]
[Round "5"]
[White "Mah, Sean"]
[Black "Hughey, Leah"]
[Result "1/2-1/2"]
[WhiteElo "1526"]
[BlackElo "1758"]
[PlyCount "114"]
[EventDate "2014.10.24"]
[EventType "tourn"]
[EventRounds "5"]
[EventCountry "CAN"]

1. e4 e6 2. d4 d5 3. exd5 exd5 4. c4 Nc6 5. Nf3 Bg4 6. cxd5 Qxd5 7. Nc3 Bb4 8.
Bd2 Bxc3 9. bxc3 Bxf3 10. Qxf3 Qxf3 11. gxf3 O-O-O 12. Bh3+ Kb8 13. Rb1 Re8+
14. Be3 Nf6 15. Kd2 h6 16. Rb2 Rd8 17. Rhb1 Na5 18. Kd3 Rhe8 19. c4 b6 20. Rb5
Nc6 21. a4 Ne5+ 22. Kc3 Nxf3 23. c5 Nd5+ 24. Kd3 Nxe3 25. fxe3 Ne5+ 26. Kc3 Nd7
27. cxb6 axb6 28. Kd2 Re7 29. Bg2 Re6 30. Bh3 Rf6 31. Bxd7 Rxd7 32. a5 Rdd6 33.
Re5 Rfe6 34. Rf5 Rf6 35. Rh5 Ka7 36. Kd3 g5 37. axb6+ cxb6 38. e4 Rf4 39. Ke3
Re6 40. e5 Kb7 41. h4 Rxh4 42. Rxh4 gxh4 43. Rh1 f6 44. Ke4 fxe5 45. dxe5 Kc7
46. Kf5 Kd7 47. Rxh4 b5 48. Rg4 Rb6 49. Rg7+ Ke8 50. e6 b4 51. Kf6 Kd8 52. Rg8+
Kc7 53. Kf7 Kd6 54. e7 Rb7 55. Rg6+ Kc5 56. Rxh6 b3 57. Rh1 b2 1/2-1/2

[Event "2014 Geoff Newton Memorial Sectional B"]
[Site "Edmonton"]
[Date "2014.10.26"]
[Round "5"]
[White "Pua, Richard"]
[Black "Sponga, George"]
[Result "1-0"]
[WhiteElo "1917"]
[BlackElo "1465"]
[PlyCount "35"]
[EventDate "2014.10.24"]
[EventType "tourn"]
[EventRounds "5"]
[EventCountry "CAN"]

1. e4 e5 2. Nf3 Qe7 3. Nc3 c6 4. d4 d6 5. Be2 Nf6 6. a4 h6 7. O-O Bg4 8. Be3
Nbd7 9. Nd2 Bxe2 10. Qxe2 g5 11. Rad1 Bg7 12. Rfe1 Nf8 13. dxe5 dxe5 14. Nc4
Qc7 15. Nd6+ Qxd6 16. Rxd6 Ne6 17. Red1 O-O 18. a5 1-0

[Event "7th Calgary International"]
[Site "Calgary"]
[Date "2014.11.06"]
[Round "1.1"]
[White "Pechenkin, Vladimir"]
[Black "Ng, Gary"]
[Result "1/2-1/2"]
[WhiteElo "2332"]
[BlackElo "2151"]
[PlyCount "153"]
[EventDate "2014.11.06"]
[EventType "tourn"]
[EventRounds "9"]
[EventCountry "CAN"]
[WhiteClock "1:31:50"]
[BlackClock "1:30:52"]

1. c4 c6 2. g3 Nf6 3. Bg2 d5 4. Nf3 dxc4 5. O-O Nbd7 6. Na3 Nb6 7. Qc2 Be6 8.
Ng5 Bg4 9. f3 Bh5 10. Nxc4 Qd4+ 11. Ne3 Bg6 12. Qb3 h6 13. Nh3 e5 14. Nf2 Bc5
15. d3 O-O 16. Nc2 Qd7 17. Be3 Qe7 18. Bxc5 Qxc5 19. Qc3 Qe7 20. b4 Nfd5 21.
Qb3 a5 22. a3 axb4 23. axb4 Nc7 24. Ra5 Nb5 25. e4 Kh7 26. Rd1 Rad8 27. Raa1 f6
28. Qb2 Nd4 29. Nxd4 Rxd4 30. Rdb1 Nc8 31. Qc3 Nd6 32. Qc5 Re8 33. Bh3 Nb5 34.
Qxe7 Rxe7 35. Ra8 Re8 36. Rxe8 Bxe8 37. Be6 Nc7 38. Bc8 Rd8 39. Bf5+ g6 40. Bh3
Na6 41. f4 h5 42. fxe5 fxe5 43. g4 Rd4 44. gxh5 gxh5 45. Bc8 Nxb4 46. Bxb7 Nxd3
47. Nxd3 Rxd3 48. Rc1 Rd7 49. Bc8 Rc7 50. Bf5+ Bg6 51. Rc5 Bxf5 52. exf5 Kg7
53. Rxe5 c5 54. Kf2 Kf6 55. Rd5 c4 56. Ke2 c3 57. Kd1 Rg7 58. Kc2 Rg2+ 59. Kxc3
Rxh2 60. Kd3 h4 61. Ke4 Rf2 62. Rd6+ Kg5 63. Rg6+ Kh5 64. Rg8 h3 65. Rh8+ Kg4
66. Rg8+ Kh4 67. Rh8+ Kg3 68. Rg8+ Kh2 69. Ke5 Rg2 70. Rh8 Re2+ 71. Kd6 Rf2 72.
Ke6 Kg2 73. f6 h2 74. f7 h1=Q 75. Rxh1 Kxh1 76. Ke7 Rxf7+ 77. Kxf7 1/2-1/2

[Event "7th Calgary International"]
[Site "Calgary"]
[Date "2014.11.06"]
[Round "1.2"]
[White "Shi, Diwen"]
[Black "Sevillano, Enrico"]
[Result "0-1"]
[WhiteElo "2219"]
[BlackElo "2456"]
[PlyCount "90"]
[EventDate "2014.11.06"]
[EventType "tourn"]
[EventRounds "9"]
[EventCountry "CAN"]
[WhiteClock "0:12:39"]
[BlackClock "0:09:49"]

1. e4 g6 2. d4 c6 3. Be3 d5 4. e5 h5 5. Nf3 Nh6 6. c4 Nf5 7. Bf4 Be6 8. Qb3 Qb6
9. Nc3 dxc4 10. Bxc4 Bxc4 11. Qxc4 e6 12. O-O Nd7 13. Ne4 Be7 14. h3 Qd8 15.
Bg5 Nb6 16. Qd3 Nd5 17. Rad1 h4 18. Qb3 Qb6 19. Qc4 Qd8 20. Qb3 Qc7 21. Bxe7
Qxe7 22. Nf6+ Kf8 23. Nxd5 exd5 24. Rfe1 Ng7 25. Nh2 Rh5 26. Ng4 Rf5 27. Re3
Rd8 28. Qa3 Qxa3 29. Rxa3 a6 30. Rb3 Rd7 31. Nf6 Re7 32. g3 Ne8 33. Ng4 hxg3
34. fxg3 f6 35. Rd2 fxe5 36. Nxe5 Kg7 37. g4 Rf4 38. Kg2 Nd6 39. Rbd3 c5 40.
Kg3 Rxd4 41. Nf3 Ne4+ 42. Kg2 Nxd2 43. Nxd4 Nc4 44. Nb3 b6 45. Rxd5 Ne3+ 0-1

[Event "7th Calgary International"]
[Site "Calgary"]
[Date "2014.11.06"]
[Round "1.3"]
[White "Arruebarrena, Rafael"]
[Black "Shabalov, Alexander"]
[Result "0-1"]
[WhiteElo "2268"]
[BlackElo "2530"]
[PlyCount "102"]
[EventDate "2014.11.06"]
[EventType "tourn"]
[EventRounds "9"]
[EventCountry "CAN"]
[WhiteClock "0:00:37"]
[BlackClock "0:16:33"]

1. e4 c5 2. Nf3 d6 3. d4 cxd4 4. Nxd4 Nf6 5. Nc3 a6 6. Be2 e5 7. Nb3 Be7 8. O-O
O-O 9. Re1 Be6 10. Bf3 Qc7 11. a4 Rc8 12. a5 Nbd7 13. Be3 b5 14. axb6 Nxb6 15.
Na5 Nc4 16. Nxc4 Bxc4 17. Na4 Rab8 18. b3 Bb5 19. c4 Bxa4 20. Rxa4 Qb7 21. Bg5
Rc6 22. Bxf6 Bxf6 23. Re3 Bd8 24. Rd3 Bb6 25. Qd2 Bc5 26. Bd1 Rb6 27. Qe2 Rf8
28. Rf3 g6 29. Bc2 Qc8 30. Qd2 Bd4 31. Qg5 f6 32. Qd2 Kh8 33. Rd3 Qc6 34. Rh3
Rb7 35. Kh1 Rg7 36. Ra5 f5 37. Rf3 Bc5 38. Ra1 f4 39. Qd5 Qb6 40. Rf1 g5 41. g4
Bd4 42. Kg2 Re7 43. Rh3 Kg7 44. Rd3 h6 45. Rfd1 f3+ 46. Kf1 Bc5 47. Rb1 a5 48.
Bd1 Ref7 49. Rd2 Qc7 50. h3 h5 51. Qd3 hxg4 0-1

[Event "7th Calgary International"]
[Site "Calgary"]
[Date "2014.11.06"]
[Round "1.4"]
[White "Mikhalevski, Victor"]
[Black "Haessel, Dale"]
[Result "1-0"]
[WhiteElo "2565"]
[BlackElo "2155"]
[PlyCount "51"]
[EventDate "2014.11.06"]
[EventType "tourn"]
[EventRounds "9"]
[EventCountry "CAN"]
[WhiteClock "0:10:41"]
[BlackClock "0:16:29"]

1. d4 Nf6 2. c4 g6 3. Nf3 Bg7 4. e3 d5 5. cxd5 Nxd5 6. Be2 c5 7. dxc5 Qa5+ 8.
Nbd2 Nd7 9. c6 bxc6 10. O-O O-O 11. Nc4 Qc7 12. Bd2 a5 13. Rc1 Bb7 14. b3 c5
15. a3 Ra6 16. e4 N5f6 17. e5 Nd5 18. Re1 Rfa8 19. Bf1 a4 20. bxa4 Rxa4 21. e6
fxe6 22. Rxe6 N7f6 23. Qb3 Kf8 24. Ng5 Qd7 25. Rce1 R4a6 26. Ne5 1-0

[Event "7th Calgary International"]
[Site "Calgary"]
[Date "2014.11.06"]
[Round "1.5"]
[White "Booker, Brad"]
[Black "Humphreys, Michael"]
[Result "0-1"]
[WhiteElo "2062"]
[BlackElo "2190"]
[PlyCount "64"]
[EventDate "2014.11.06"]
[EventType "tourn"]
[EventRounds "9"]
[EventCountry "CAN"]

1. e4 e6 2. d3 d5 3. Nd2 Nf6 4. Ngf3 Nc6 5. g3 Bc5 6. Bg2 dxe4 7. dxe4 e5 8.
O-O O-O 9. c3 a5 10. Qe2 b6 11. Nc4 Ba6 12. b3 Qc8 13. Ng5 Qg4 14. Bf3 Qd7 15.
Rd1 Qe7 16. Bg4 a4 17. Qf3 axb3 18. axb3 h6 19. Rxa6 Rxa6 20. Nh3 Nxg4 21. Qxg4
Qe6 22. Qxe6 fxe6 23. b4 b5 24. Na3 Bb6 25. Bb2 Raa8 26. Nxb5 Rad8 27. Rxd8
Rxd8 28. Kg2 Rd2 29. Ba3 Rc2 30. g4 Ne7 31. Kg3 Nc8 32. c4 Rxc4 0-1

[Event "7th Calgary International"]
[Site "Calgary"]
[Date "2014.11.07"]
[Round "2.1"]
[White "Shabalov, Alexander"]
[Black "Mikhalevski, Victor"]
[Result "1/2-1/2"]
[WhiteElo "2530"]
[BlackElo "2565"]
[PlyCount "83"]
[EventDate "2014.11.06"]
[EventType "tourn"]
[EventRounds "9"]
[EventCountry "CAN"]

1. e4 e5 2. Nf3 Nc6 3. Bb5 Nf6 4. O-O Nxe4 5. d4 Nd6 6. Bxc6 dxc6 7. dxe5 Nf5
8. Qxd8+ Kxd8 9. h3 h6 10. Rd1+ Ke8 11. Nc3 Be7 12. b3 Bd7 13. Bb2 h5 14. Ne2
h4 15. Rd3 Rd8 16. Rad1 Bc8 17. Rxd8+ Bxd8 18. Bc1 Rh5 19. c4 c5 20. Kf1 b6 21.
Nf4 Rh6 22. Nd5 Rh5 23. Bf4 Be6 24. Rd2 a6 25. Nc3 g5 26. Bh2 Nh6 27. Ne4 g4
28. hxg4 Nxg4 29. Bf4 Bf5 30. Neg5 Be7 31. Nh3 b5 32. Nfg5 c6 33. f3 Nxe5 34.
Bxe5 Bxh3 35. gxh3 Rxg5 36. Re2 Kd7 37. Re4 Rg8 38. Kf2 f6 39. Bf4 f5 40. Re1
Rg6 41. Rd1+ Ke8 42. Rg1 1/2-1/2

[Event "7th Calgary International"]
[Site "Calgary"]
[Date "2014.11.07"]
[Round "2.2"]
[White "Sevillano, Enrico"]
[Black "Arruebarrena, Rafael"]
[Result "1-0"]
[WhiteElo "2456"]
[BlackElo "2268"]
[PlyCount "65"]
[EventDate "2014.11.06"]
[EventType "tourn"]
[EventRounds "9"]
[EventCountry "CAN"]
[WhiteClock "0:06:20"]
[BlackClock "0:00:55"]

1. e4 c5 2. c3 Nf6 3. e5 Nd5 4. Nf3 e6 5. d4 cxd4 6. cxd4 d6 7. Nc3 Nxc3 8.
bxc3 Qc7 9. Bd2 Nd7 10. Ng5 h6 11. exd6 Bxd6 12. Ne4 Bf4 13. Bxf4 Qxf4 14. Bd3
O-O 15. O-O b6 16. Re1 Bb7 17. Re3 Rac8 18. Qe2 Qc7 19. c4 Rfe8 20. Re1 Kh8 21.
Nd2 Red8 22. Rh3 Nf6 23. Nb3 a5 24. Qb2 Qc6 25. d5 exd5 26. Nd4 Qc5 27. Nf5 d4
28. Qc1 Re8 29. Rxe8+ Rxe8 30. Nxg7 Re3 31. fxe3 Kxg7 32. e4 Ng8 33. Qf4 1-0

[Event "7th Calgary International"]
[Site "Calgary"]
[Date "2014.11.07"]
[Round "2.3"]
[White "Pechenkin, Vladimir"]
[Black "Shi, Diwen"]
[Result "1/2-1/2"]
[WhiteElo "2332"]
[BlackElo "2219"]
[PlyCount "82"]
[EventDate "2014.11.06"]
[EventType "tourn"]
[EventRounds "9"]
[EventCountry "CAN"]
[WhiteClock "0:29:40"]
[BlackClock "0:56:07"]

1. c4 e5 2. g3 Nc6 3. Nc3 Bc5 4. Bg2 a6 5. Nf3 d6 6. O-O Nf6 7. d3 h6 8. a3 O-O
9. b4 Ba7 10. Bb2 Bg4 11. h3 Be6 12. Rc1 Qd7 13. Kh2 Ne7 14. e3 Ng6 15. a4 c6
16. a5 Rad8 17. Na4 Rfe8 18. d4 e4 19. Nd2 d5 20. cxd5 Bxd5 21. Nc5 Qe7 22. Qc2
Bb8 23. Kg1 h5 24. Nc4 h4 25. Ne5 hxg3 26. fxg3 Nxe5 27. dxe5 Bxe5 28. Bxe5
Qxe5 29. g4 Qg3 30. Qf2 Qxf2+ 31. Rxf2 Re7 32. Rf4 Ne8 33. Nxe4 Bxe4 34. Rxe4
Rxe4 35. Bxe4 Rd2 36. Rc2 Rd1+ 37. Kf2 Nd6 38. Bf3 Rd3 39. Rb2 Nc4 40. Rb1 Rd2+
41. Be2 Ne5 1/2-1/2

[Event "7th Calgary International"]
[Site "Calgary"]
[Date "2014.11.07"]
[Round "2.4"]
[White "Ng, Gary"]
[Black "Humphreys, Michael"]
[Result "0-1"]
[WhiteElo "2151"]
[BlackElo "2190"]
[PlyCount "180"]
[EventDate "2014.11.06"]
[EventType "tourn"]
[EventRounds "9"]
[EventCountry "CAN"]
[WhiteClock "0:00:34"]
[BlackClock "0:26:29"]

1. b4 e5 2. Bb2 Bxb4 3. Bxe5 Nf6 4. c4 O-O 5. Nf3 d5 6. e3 c5 7. Nc3 Nbd7 8.
Bd6 Re8 9. Nxd5 Nxd5 10. cxd5 Nf6 11. Be5 Ne4 12. Bb2 Bg4 13. Bc1 Qxd5 14. Qb3
Rad8 15. Qxd5 Rxd5 16. Bc4 Rd6 17. a3 Ba5 18. Ra2 Bxf3 19. gxf3 Nxd2 20. Bxd2
Rxd2 21. O-O Red8 22. Rxd2 Rxd2 23. Rb1 b6 24. Rc1 Kf8 25. f4 Ke7 26. Kg2 Rb2
27. a4 Bd2 28. Rd1 Bc3 29. Bb5 Rd2 30. Rxd2 Bxd2 31. Kf3 f5 32. Bd3 Ke6 33.
Bc4+ Kf6 34. h4 g6 35. Bd3 Ke6 36. Bc4+ Ke7 37. Bd3 Kf7 38. Bc4+ Kg7 39. Bd3
Bc3 40. Bc4 Bf6 41. Kg3 Kf8 42. Kh3 Bc3 43. Kg3 Ke7 44. Kf3 Kf6 45. Kg3 Bd2 46.
Kf3 h6 47. Bb5 Bc3 48. Bc4 Ke7 49. Kg3 Bf6 50. Kh3 Kd6 51. f3 Ke7 52. Kg3 Bc3
53. Kf2 Bf6 54. Kg3 Bb2 55. Bd3 Ke6 56. e4 Bc1 57. Bc4+ Kf6 58. Bd3 Bd2 59. Bc4
Be1+ 60. Kh3 Bf2 61. Bd3 Ke6 62. Bc4+ Ke7 63. Bd3 Kd7 64. Bc4 Ke7 65. Bd3 Kd6
66. Bc4 Be3 67. Kg3 Ke7 68. Bd3 Kf6 69. Bc4 Bd2 70. Bd3 Be1+ 71. Kh3 Bf2 72.
Bc4 Be3 73. Kg3 g5 74. hxg5+ hxg5 75. fxg5+ Kxg5 76. f4+ Bxf4+ 77. Kf3 Bc1 78.
exf5 Kxf5 79. Ke2 Ke4 80. Kd1 Kd4 81. Bb5 Bg5 82. Kc2 c4 83. Be8 a6 84. Bc6 Kc5
85. Bb7 b5 86. Bxa6 b4 87. Bc8 b3+ 88. Kb1 c3 89. Bf5 Kb4 90. Bc2 bxc2+ 0-1

[Event "7th Calgary International"]
[Site "Calgary"]
[Date "2014.11.07"]
[Round "2.5"]
[White "Haessel, Dale"]
[Black "Booker, Brad"]
[Result "1-0"]
[WhiteElo "2155"]
[BlackElo "2062"]
[PlyCount "75"]
[EventDate "2014.11.06"]
[EventType "tourn"]
[EventRounds "9"]
[EventCountry "CAN"]

1. d4 f5 2. Nf3 Nf6 3. c4 g6 4. g3 Bg7 5. b3 d5 6. Bb2 Be6 7. Nc3 c6 8. e3 Nbd7
9. Ng5 Bg8 10. Be2 h6 11. Nh3 g5 12. Bd3 Ne4 13. f3 Nxc3 14. Bxc3 e6 15. cxd5
cxd5 16. O-O Bh7 17. Rc1 O-O 18. Bb4 Rf7 19. Qd2 e5 20. dxe5 Nxe5 21. Be2 a6
22. Bc3 Rd7 23. Rfd1 Qe7 24. Nf2 Rad8 25. Qb2 f4 26. exf4 d4 27. Ba5 gxf4 28.
Bxd8 Rxd8 29. gxf4 d3 30. fxe5 Bxe5 31. Qd2 Qh4 32. Ng4 Bd4+ 33. Kh1 dxe2 34.
Qxe2 Bf5 35. Qc4+ Kg7 36. Rxd4 Rc8 37. Qf1 Re8 38. Qf2 1-0

[Event "7th Calgary International"]
[Site "Calgary"]
[Date "2014.11.08"]
[Round "3.1"]
[White "Booker, Brad"]
[Black "Shabalov, Alexander"]
[Result "0-1"]
[WhiteElo "2062"]
[BlackElo "2530"]
[PlyCount "64"]
[EventDate "2014.11.06"]
[EventType "tourn"]
[EventRounds "9"]
[EventCountry "CAN"]

1. e4 c5 2. Nf3 Nc6 3. Bb5 e6 4. Bxc6 bxc6 5. d3 Qc7 6. O-O Ne7 7. Nc3 Ng6 8.
h4 h5 9. Re1 d6 10. g3 e5 11. Nh2 Be7 12. Qf3 Nf8 13. Nd1 Ne6 14. c3 g6 15. Ne3
Ng7 16. Qd1 f5 17. Qa4 O-O 18. Ng2 Be6 19. f4 c4 20. d4 exd4 21. cxd4 fxe4 22.
Rxe4 Bf6 23. Nf3 Bd5 24. Qc2 Nf5 25. Ng5 Bxe4 26. Qxe4 Rae8 27. Qc2 Bxd4+ 28.
Kh2 d5 29. Bd2 Re2 30. Qd1 Rfe8 31. Nf3 Bxb2 32. Rb1 c3 0-1

[Event "7th Calgary International"]
[Site "Calgary"]
[Date "2014.11.08"]
[Round "3.2"]
[White "Mikhalevski, Victor"]
[Black "Sevillano, Enrico"]
[Result "1-0"]
[WhiteElo "2565"]
[BlackElo "2456"]
[PlyCount "57"]
[EventDate "2014.11.06"]
[EventType "tourn"]
[EventRounds "9"]
[EventCountry "CAN"]
[WhiteClock "0:21:31"]
[BlackClock "0:01:18"]

1. d4 Nf6 2. c4 c5 3. d5 e6 4. Nc3 exd5 5. cxd5 d6 6. Nf3 g6 7. Bf4 Bg7 8. Qa4+
Bd7 9. Qb3 Qc7 10. e4 O-O 11. Nd2 Nh5 12. Be3 a6 13. a4 f5 14. exf5 Bxf5 15.
Be2 Nf6 16. h3 Re8 17. O-O Nbd7 18. g4 Ne4 19. Rae1 Bxc3 20. bxc3 Nxd2 21. Bxd2
Rxe2 22. Rxe2 Bd3 23. Re7 Bxf1 24. c4 Qd8 25. Bg5 h6 26. Qb1 Nf8 27. Bf6 Qxe7
28. Bxe7 Bxc4 29. Qxb7 1-0

[Event "7th Calgary International"]
[Site "Calgary"]
[Date "2014.11.08"]
[Round "3.3"]
[White "Arruebarrena, Rafael"]
[Black "Pechenkin, Vladimir"]
[Result "1/2-1/2"]
[WhiteElo "2268"]
[BlackElo "2332"]
[PlyCount "131"]
[EventDate "2014.11.06"]
[EventType "tourn"]
[EventRounds "9"]
[EventCountry "CAN"]

1. e4 e6 2. d4 d5 3. Nc3 Nf6 4. e5 Nfd7 5. f4 c5 6. Nf3 Nc6 7. Be3 a6 8. Qd2 b5
9. a3 Qa5 10. Ra2 Qb6 11. g3 cxd4 12. Nxd4 Bc5 13. Nce2 a5 14. c3 a4 15. Nc1
O-O 16. b4 axb3 17. Ncxb3 Nxd4 18. Bxd4 Bxd4 19. Nxd4 Ra5 20. Bd3 Nc5 21. O-O
Nxd3 22. Qxd3 Bd7 23. Kg2 Rfa8 24. Rfa1 h6 25. Qb1 Qc7 26. Qb3 Rc8 27. Rc2 Qc5
28. Kf2 Ra4 29. Raa2 Rca8 30. Ke2 Rxa3 31. Rxa3 Rxa3 32. Qb4 Qc4+ 33. Kd2 Ra1
34. Qxc4 bxc4 35. Rb2 Kf8 36. Rb8+ Ke7 37. Rb7 Kd8 38. Rb8+ Bc8 39. Rb2 Rh1 40.
Ke3 Rd1 41. Rd2 Rb1 42. Ra2 Kc7 43. h4 h5 44. Ke2 Kb7 45. Kf2 Bd7 46. Ke3 Rd1
47. Rb2+ Kc7 48. Rd2 Rg1 49. Kf2 Rc1 50. Ne2 Ra1 51. Nd4 Ra3 52. Ne2 Ba4 53. f5
exf5 54. Rxd5 Ra2 55. Ke3 Bc6 56. Rd6 Ra5 57. Kf4 f6 58. Re6 Bd7 59. Re7 fxe5+
60. Rxe5 Ra2 61. Re3 Kd6 62. Kg5 Bc6 63. Nd4 Be4 64. Nxf5+ Bxf5 65. Kxf5 Rd2
66. Ke4 1/2-1/2

[Event "7th Calgary International"]
[Site "Calgary"]
[Date "2014.11.08"]
[Round "3.4"]
[White "Shi, Diwen"]
[Black "Ng, Gary"]
[Result "0-1"]
[WhiteElo "2219"]
[BlackElo "2151"]
[PlyCount "164"]
[EventDate "2014.11.06"]
[EventType "tourn"]
[EventRounds "9"]
[EventCountry "CAN"]
[WhiteClock "0:51:48"]
[BlackClock "0:02:14"]

1. e4 b6 2. d4 Bb7 3. Bd3 Nf6 4. Nc3 e6 5. Nge2 d5 6. e5 Nfd7 7. Nf4 g6 8. Qg4
Qe7 9. Nb5 Na6 10. b3 O-O-O 11. Nxa7+ Kb8 12. Nb5 Nb4 13. O-O Nxd3 14. Nxd3 f5
15. Qg3 Qg7 16. a4 Ba6 17. c4 dxc4 18. bxc4 c6 19. Bg5 Rc8 20. Bf6 Qg8 21. Bxh8
Qxh8 22. a5 cxb5 23. axb6 Bb7 24. c5 Nxc5 25. Nxc5 Bxc5 26. dxc5 Rxc5 27. Rfc1
Rxc1+ 28. Rxc1 Qd8 29. Qe3 Qd5 30. f3 b4 31. Qc5 Qxc5+ 32. Rxc5 Ba6 33. Rc1 Bd3
34. Rd1 Bc2 35. Rd4 b3 36. Rb4 g5 37. b7 h5 38. Kf2 g4 39. Ke2 h4 40. h3 gxh3
41. gxh3 f4 42. Kf2 Bd1 43. Rxf4 Kxb7 44. Ke1 Bc2 45. Kd2 Kc6 46. Rxh4 Kd5 47.
Rh5 Bg6 48. Rg5 b2 49. Rxg6 b1=Q 50. Rg4 Qf1 51. Ke3 Qe1+ 52. Kd3 Qxe5 53. h4
Qe1 54. Rd4+ Kc5 55. Rc4+ Kd6 56. Rd4+ Ke7 57. Rg4 Kf6 58. Rf4+ Kg6 59. Re4
Qf1+ 60. Ke3 Kf6 61. Rf4+ Ke7 62. Re4 Qe1+ 63. Kd3 Qf2 64. Rf4 e5 65. Rf5 Ke6
66. Rf8 Qd4+ 67. Ke2 Qc4+ 68. Kd1 Qxh4 69. Ke2 Qc4+ 70. Kd1 Qa4+ 71. Ke2 Qb5+
72. Kd1 Ke7 73. Rh8 Qf1+ 74. Kd2 Qf2+ 75. Kc1 Qxf3 76. Rh7+ Kd6 77. Rh6+ Kd5
78. Rh8 e4 79. Rd8+ Kc4 80. Rc8+ Kd3 81. Rd8+ Ke2 82. Rd2+ Ke1 0-1

[Event "7th Calgary International"]
[Site "Calgary"]
[Date "2014.11.08"]
[Round "3.5"]
[White "Humphreys, Michael"]
[Black "Haessel, Dale"]
[Result "0-1"]
[WhiteElo "2190"]
[BlackElo "2155"]
[PlyCount "124"]
[EventDate "2014.11.06"]
[EventType "tourn"]
[EventRounds "9"]
[EventCountry "CAN"]

1. Nf3 Nf6 2. c4 c5 3. Nc3 d5 4. cxd5 Nxd5 5. e3 Nc6 6. a3 Nxc3 7. bxc3 e5 8.
e4 Be7 9. Bc4 Qd6 10. O-O Be6 11. Bxe6 Qxe6 12. Rb1 b6 13. Qe2 O-O 14. Rd1 Rad8
15. d3 Rd6 16. Bb2 Rfd8 17. Rd2 h6 18. Rbd1 Bg5 19. Rc2 Qd7 20. h4 Bf6 21. Rcd2
g5 22. hxg5 Bxg5 23. Nxg5 hxg5 24. Qe3 f6 25. Kf1 Na5 26. Ke2 Qg4+ 27. Qf3
Qxf3+ 28. gxf3 Kf7 29. Rb1 Ke6 30. Bc1 R6d7 31. c4 Rd6 32. Ke3 f5 33. Ke2 f4
34. Rb5 Kf6 35. Rb1 R6d7 36. Rb5 Ke6 37. Rb1 Rd6 38. Rb5 R8d7 39. Rb1 Ke7 40.
Rb5 Kd8 41. Rb1 Kc7 42. Rb5 Kd8 43. Rb1 Ke7 44. Rb5 Rd8 45. Rb1 R6d7 46. Rb5
Ke6 47. Rb1 Kf6 48. Rb5 Rh7 49. Rd1 Rh3 50. Rg1 Nc6 51. Bb2 Ne7 52. a4 Ng6 53.
a5 Rd6 54. Ra1 g4 55. axb6 axb6 56. fxg4 Rhxd3 57. Kf1 Kg5 58. Ra6 Nh4 59. Kg1
Nf3+ 60. Kg2 Kxg4 61. Ra3 Rxa3 62. Bxa3 Rd1 0-1

[Event "7th Calgary International"]
[Site "Calgary"]
[Date "2014.11.08"]
[Round "4.1"]
[White "Shabalov, Alexander"]
[Black "Humphreys, Michael"]
[Result "1-0"]
[WhiteElo "2530"]
[BlackElo "2190"]
[PlyCount "51"]
[EventDate "2014.11.06"]
[EventType "tourn"]
[EventRounds "9"]
[EventCountry "CAN"]

1. d4 e6 2. e4 d5 3. Nc3 Bb4 4. a3 Bxc3+ 5. bxc3 dxe4 6. Qg4 Nf6 7. Qxg7 Rg8 8.
Qh6 Rg6 9. Qd2 b6 10. Bb2 Ba6 11. c4 c5 12. Ne2 Bxc4 13. O-O-O Nc6 14. Nf4 Bxf1
15. Rhxf1 Rg8 16. dxc5 Qxd2+ 17. Rxd2 Nd7 18. cxb6 axb6 19. Re1 Nc5 20. Rd6 Rc8
21. Bf6 Na5 22. Red1 Nab7 23. Rxb6 Ra8 24. Rb5 e5 25. Nd5 Rxa3 26. Kb2 1-0

[Event "7th Calgary International"]
[Site "Calgary"]
[Date "2014.11.08"]
[Round "4.2"]
[White "Pechenkin, Vladimir"]
[Black "Mikhalevski, Victor"]
[Result "0-1"]
[WhiteElo "2332"]
[BlackElo "2565"]
[PlyCount "82"]
[EventDate "2014.11.06"]
[EventType "tourn"]
[EventRounds "9"]
[EventCountry "CAN"]
[WhiteClock "0:28:24"]
[BlackClock "0:31:37"]

1. Nf3 d5 2. g3 Bg4 3. Bg2 Nd7 4. c4 e6 5. cxd5 exd5 6. Nc3 c6 7. O-O Ngf6 8.
d3 Bc5 9. Rb1 a5 10. a3 Qe7 11. Bf4 O-O 12. d4 Bd6 13. Bxd6 Qxd6 14. b4 b5 15.
Qc2 axb4 16. axb4 Rfe8 17. Nh4 Nb6 18. e4 dxe4 19. Nxe4 Nxe4 20. Bxe4 Nc4 21.
Rbe1 g6 22. Ng2 f5 23. Bd3 Qxd4 24. Bxc4+ bxc4 25. Rxe8+ Rxe8 26. Ne3 c3 27.
Qb3+ Kf8 28. Nxg4 fxg4 29. Rd1 Qd2 30. Kg2 Qe2 31. Rf1 Qf3+ 32. Kg1 Rd8 33. b5
cxb5 34. Qb4+ Kg8 35. Qxb5 Rc8 36. Qa6 Qc6 37. Qa2+ Qc4 38. Qxc4+ Rxc4 39. Rc1
Kf7 40. Kf1 c2 41. Ke2 Ke6 0-1

[Event "7th Calgary International"]
[Site "Calgary"]
[Date "2014.11.08"]
[Round "4.3"]
[White "Sevillano, Enrico"]
[Black "Booker, Brad"]
[Result "1-0"]
[WhiteElo "2456"]
[BlackElo "2062"]
[PlyCount "79"]
[EventDate "2014.11.06"]
[EventType "tourn"]
[EventRounds "9"]
[EventCountry "CAN"]
[WhiteClock "0:25:47"]
[BlackClock "0:02:24"]

1. e4 c6 2. c4 d5 3. exd5 cxd5 4. cxd5 Nf6 5. Nc3 g6 6. Bc4 Bg7 7. a4 O-O 8.
Nf3 Nbd7 9. a5 Ne8 10. d4 Nd6 11. Bb3 Nf6 12. Ne5 Bd7 13. O-O Rc8 14. Re1 Be8
15. Rf1 Bd7 16. Re1 Be8 17. Bf4 Nh5 18. Be3 Nf5 19. Qd3 Nd6 20. h3 Nf6 21. Bf4
Nh5 22. Bh2 Nf6 23. Qe2 Nf5 24. Nf3 h5 25. Be5 Bd7 26. a6 b5 27. Ne4 Nxe4 28.
Qxe4 Nd6 29. Qf4 Nf5 30. g4 hxg4 31. hxg4 Nd6 32. Bxg7 Kxg7 33. Kg2 f6 34. Rh1
g5 35. Nxg5 fxg5 36. Qxg5+ Kf7 37. Qh5+ Kg7 38. Qh7+ Kf6 39. Rh6+ Kg5 40. Qg7+
1-0

[Event "7th Calgary International"]
[Site "Calgary"]
[Date "2014.11.08"]
[Round "4.4"]
[White "Ng, Gary"]
[Black "Haessel, Dale"]
[Result "1/2-1/2"]
[WhiteElo "2151"]
[BlackElo "2155"]
[PlyCount "64"]
[EventDate "2014.11.06"]
[EventType "tourn"]
[EventRounds "9"]
[EventCountry "CAN"]
[WhiteClock "0:18:38"]
[BlackClock "0:17:29"]

1. b4 e5 2. Bb2 Bxb4 3. Bxe5 Nf6 4. c4 O-O 5. Nf3 d5 6. e3 c5 7. cxd5 Nxd5 8.
a3 Ba5 9. Qc2 Nc6 10. Bb2 b6 11. Bd3 h6 12. O-O Qe7 13. Nc3 Nxc3 14. dxc3 Be6
15. c4 Rfd8 16. Be4 Rac8 17. Rad1 a6 18. Rxd8+ Nxd8 19. Ne5 b5 20. f4 Bc7 21.
Bd3 bxc4 22. Bxc4 Bxe5 23. Bxe5 Nc6 24. Bxa6 Ra8 25. Qd3 Nxe5 26. fxe5 Qa7 27.
Bc4 Qxa3 28. Qxa3 Rxa3 29. Bxe6 fxe6 30. Rc1 Ra5 31. Kf2 Kf7 32. Kf3 Ke7
1/2-1/2

[Event "7th Calgary International"]
[Site "Calgary"]
[Date "2014.11.08"]
[Round "4.5"]
[White "Shi, Diwen"]
[Black "Arruebarrena, Rafael"]
[Result "1/2-1/2"]
[WhiteElo "2219"]
[BlackElo "2268"]
[PlyCount "61"]
[EventDate "2014.11.06"]
[EventType "tourn"]
[EventRounds "9"]
[EventCountry "CAN"]

1. e4 c5 2. Nf3 e6 3. d4 cxd4 4. Nxd4 Nc6 5. Nc3 Qc7 6. Be3 a6 7. Qd2 Nf6 8. f4
Bb4 9. Bd3 Na5 10. a3 Bxc3 11. Qxc3 Qxc3+ 12. bxc3 d5 13. exd5 exd5 14. Nb3 Nc4
15. Bd4 O-O 16. O-O Ne4 17. Rfe1 f5 18. Nc5 Re8 19. Bxc4 dxc4 20. Re3 Be6 21.
Nxb7 Bd5 22. Nc5 Nxc5 23. Bxc5 Rxe3 24. Bxe3 Re8 25. Re1 Be4 26. Bd4 Rb8 27. g4
g6 28. gxf5 gxf5 29. Re3 Rb1+ 30. Kf2 Rb2 31. Re2 1/2-1/2